Identify The Variable - Statistics

General Stats
  • This quiz has been taken 21 times
  • The average score is 11 of 15
Answer Stats
Formula Variable Answer % Correct
F = ma a Acceleration
95%
E = mc² m Mass
95%
A = πr² r Radius
95%
h Height
89%
V = l × w × h l Length
89%
w Width
89%
Eₖ =1/2mv² Eₖ Kinetic Energy
79%
Hz = s⁻¹ s Second
79%
W = Fd W Work
79%
V = IR R Resistance
74%
V = λf λ Wavelength
68%
π 3.141592...
63%
ρ = m/v ρ Density
63%
P = Fv P Power
58%
M = n/v n Moles
32%
No matching quizzes found
Score Distribution
Percent of People with Each Score
Percentile by Number Answered
Your Score History
You have not taken this quiz